[Event "Bohumin op-B 6th"]
[Site "Bohumin"]
[Date "2023.07.05"]
[Round "5"]
[White "Shystarova, Svitlana"]
[Black "Doniec, Mateusz"]
[Result "0-1"]
[WhiteElo "1703"]
[BlackElo "1460"]
[PlyCount "108"]
[EventDate "2023.07.01"]
[EventType "swiss"]
[EventRounds "9"]
[EventCountry "CZE"]
[SourceTitle "EXT 2024"]
[Source "ChessBase"]
[SourceDate "2023.10.10"]
[SourceVersion "1"]
[SourceVersionDate "2023.10.10"]
[SourceQuality "1"]

1. e4 c6 2. d4 d5 3. exd5 cxd5 4. c4 Nf6 5. Nc3 Nc6 6. Nf3 Bg4 7. cxd5 Nxd5 8. Bc4 e6 9. 0-0 Be7 10. Be3 0-0 11. Nxd5 exd5 12. Be2 Bd6 13. Qd3 Bh5 14. Rfe1 Bg6 15. Qb3 a6 16. Rac1 Na5 17. Qd1 Re8 18. Bd3 Bh5 19. a3 b5 20. h3 Nc4 21. Rc2 a5 22. g4 Bg6 23. Bxg6 hxg6 24. Bg5 Qb6 25. Rce2 Rxe2 26. Qxe2 a4 27. Bc1 b4 28. axb4 Bxb4 29. Rd1 f6 30. Nd2 Bxd2 31. Bxd2 Nxb2 32. Rb1 a3 33. Bc3 Rb8 34. Bxb2 axb2 35. Qd2 Qb3 36. Kg2 Kf7 37. Kh2 Rh8 38. Qe3 Qxe3 39. fxe3 Rb8 40. Kg2 Ke6 41. Kf3 g5 42. Ke2 f5 43. Kf3 g6 44. Kg3 f4+ 45. exf4 Rb3+ 46. Kg2 gxf4 47. Kh2 g5 48. Kg2 Kd6 49. Kf1 Kc6 50. Ke1 Rxh3 51. Rxb2 Rh1+ 52. Kd2 Rh2+ 53. Kc3 Rxb2 54. Kxb2 f3 0-1

[Event "Pardubice rapid op 33rd"]
[Site "Pardubice"]
[Date "2022.07.21"]
[Round "8"]
[White "Jurek, Josef"]
[Black "Shystarova, Svitlana"]
[Result "0-1"]
[WhiteElo "2200"]
[BlackElo "1836"]
[PlyCount "160"]
[EventDate "2022.07.20"]
[EventType "swiss (rapid)"]
[EventRounds "9"]
[EventCountry "CZE"]
[SourceTitle "CBM 209 Extra"]
[Source "ChessBase"]
[SourceDate "2022.09.30"]
[SourceVersion "1"]
[SourceVersionDate "2022.09.30"]
[SourceQuality "1"]

1. Nf3 d5 2. c4 Nf6 3. cxd5 Nxd5 4. d4 g6 5. e4 Nf6 6. Nc3 Bg7 7. h3 0-0 8. Be3 b6 9. Qc2 Bb7 10. Be2 Nbd7 11. 0-0 Rc8 12. Rad1 e6 13. d5 exd5 14. exd5 Re8 15. Bb5 c6 16. dxc6 Bxc6 17. Bxc6 Rxc6 18. Nd4 Rc4 19. Ndb5 Re6 20. Nxa7 Qa8 21. Nab5 Qa5 22. Qd3 Rec6 23. Nd6 Rb4 24. Qe2 Bf8 25. Bf4 Rxf4 26. Nde4 Nxe4 27. Nxe4 Nf6 28. Nc3 Re6 29. Qd2 Bd6 30. a3 Ne4 31. Nxe4 Rfxe4 32. Qc2 Qe5 33. g3 Qf5 34. Kg2 Rf6 35. Qd3 Kg7 36. Rc1 Bc5 37. Rc2 Rd4 38. Qc3 Rd3 39. Qc4 Qf3+ 40. Kg1 Rd4 41. Qe2 Qxe2 42. Rxe2 Rd3 43. Kg2 h5 44. h4 Rff3 45. Rc1 Rf5 46. Rcc2 Rdf3 47. Red2 Kf6 48. Re2 Kg7 49. Red2 Kf6 50. Re2 Rd3 51. Re4 Rdf3 52. Ree2 Rd3 53. Re4 Kg7 54. Ree2 Bd4 55. Re4 Bc5 56. Ree2 Rdf3 57. Red2 Kf6 58. Re2 Rd3 59. Re4 Re5 60. Rf4+ Kg7 61. b4 Bd6 62. Rc6 Re6 63. Rf3 Rxf3 64. Kxf3 b5 65. Rb6 Rf6+ 66. Ke2 Bxg3 67. Rxf6 Kxf6 68. fxg3 Ke5 69. Ke3 f6 70. Kd3 Kd5 71. Kc3 g5 72. Kd3 gxh4 73. gxh4 f5 74. Ke3 Ke5 75. Kf3 f4 76. Kf2 Ke4 77. Ke2 f3+ 78. Kf2 Kf4 79. a4 bxa4 80. b5 Ke5 0-1

[Event "Orlova op 7th"]
[Site "Orlova"]
[Date "2010.05.23"]
[Round "2"]
[White "Shystarova, Svitlana"]
[Black "Szablowski, Pawel"]
[Result "0-1"]
[WhiteElo "1944"]
[BlackElo "2312"]
[PlyCount "68"]
[EventDate "2010.05.22"]
[EventType "swiss"]
[EventRounds "7"]
[EventCountry "CZE"]
[SourceTitle "EXT 2012"]
[Source "ChessBase"]
[SourceDate "2011.11.24"]
[SourceVersion "1"]
[SourceVersionDate "2011.11.24"]
[SourceQuality "1"]

1. e4 e6 2. d4 d5 3. Nc3 Nf6 4. exd5 exd5 5. Bg5 Be7 6. Nf3 0-0 7. Be2 Be6 8. 0-0 Nbd7 9. Re1 Ne4 10. Bxe7 Qxe7 11. Nxe4 dxe4 12. Ne5 Nxe5 13. dxe5 Rad8 14. Qc1 Qc5 15. Qf4 Qxc2 16. Rac1 Qxb2 17. Qxe4 Bxa2 18. Rc2 Bd5 19. Qxh7+ Kxh7 20. Rxb2 c5 21. f4 g6 22. Bg4 c4 23. Rc1 Rfe8 24. h4 b6 25. Rc3 Rb8 26. Bd7 Red8 27. Bb5 Rbc8 28. Ba6 Rc5 29. Rd2 b5 30. Bb7 b4 31. Rc1 c3 32. Rd3 b3 33. Rdxc3 Rxc3 34. Rxc3 b2 0-1

[Event "Orlova op 6th"]
[Site "Orlova"]
[Date "2009.05.28"]
[Round "7"]
[White "Shystarova, Svitlana"]
[Black "Slivova, Veronika"]
[Result "1-0"]
[WhiteElo "1930"]
[BlackElo "1564"]
[PlyCount "47"]
[EventDate "2009.05.23"]
[EventType "swiss"]
[EventRounds "9"]
[EventCountry "CZE"]
[SourceTitle "EXT 2012"]
[Source "ChessBase"]
[SourceDate "2011.11.24"]
[SourceVersion "1"]
[SourceVersionDate "2011.11.24"]
[SourceQuality "1"]

1. e4 e5 2. Nf3 Nc6 3. d4 exd4 4. Nxd4 Bc5 5. c3 Qf6 6. Be3 Nge7 7. Be2 d6 8. 0-0 0-0 9. Qd2 Qg6 10. Nxc6 Nxc6 11. Bxc5 dxc5 12. Qf4 Re8 13. Nd2 Bh3 14. Qg3 Bf5 15. Bf3 Qxg3 16. hxg3 Bg6 17. Rfe1 Re7 18. Nb3 Rae8 19. Nxc5 b6 20. Na6 Bf5 21. Rad1 Bc8 22. Nb4 Bb7 23. Nd5 Rd7 24. Nf6+ 1-0